000 01248cad a22002175a 4500
001 L149355
008 090417s2009 xxk f 000 0 eng d
035 _a(Sirsi) u149355
041 0 _aeng
050 0 4 _a331.2166 $2 18
245 0 0 _aTransparency in professional fees
_bResponses
_h[electronic resource]
260 _a[London]
_bRICS
_c[2009]
505 2 _aA. Declaration of insurance remuneration and commissions -- B. Service charges in leasehold property -- C. Commission on letting renewals -- D. Commission on Home Information Packs (HIPs) and Energy Performance Certificates (EPCs) -- E. Valuation fees -- F. Arrangement of fees for security loan valuations
520 _aSummary report on the responses to the RICS Consultation Document. Transparency Working Group (TWG) was set up in April 2009 to look at the subject of transparency of professional fees in property transactions and services. The final report is published separately [see L149356].
521 _aAdvanced
590 _aKA
651 4 _aUnited Kingdom
_y
690 _aMANAGEMENT-BUSINESS MANAGEMENT-FEES
856 4 0 _uhttps://www.rics.org/Global/Downloads/transparency-project-responses.pdf
_zView the consultation free of charge at www.rics.org...
942 _n0
999 _c110470
_d110470